000 01096nas a2200265 a 4500
003 CO-CtgCURN
005 20250407152859.0
007 cr || aaaaa
008 240812s9999 xx a poo 000 0 und d
022 _a 0123-0832 (impreso)
040 _aCO-CtgCURN
_bspa
_ccoctgcurn
082 _a610.73
110 _aTribunal Nacional De Ética Médica
_910097
245 0 _aGaceta Jurisprudencial
_h[electronic resource] /
_cTribunal Nacional de Ética Médica
260 _a Bogotá, Colombia :
_bTribunal Nacional de Ética Médica
300 _avolúmenes :
_btablas, ilustraciones, fotografías ;
_c24 centímetros
504 _aIncluye referencias bibliográficas
521 _aAREA PROFESIONAL
550 _aPublicado por el Tribunal Nacional de Ética Médica
590 _aPrograma de Enfermería_27
650 _aEnfermería
_xPublicaciones periódicas
_zColombia
_910098
856 _uhttps://www.tribunalnacionaldeeticamedica.org/biblioteca/?main_category=1
_yHaga clic para acceso en línea
942 _cRE
_h610.73
_2ddc
999 _c29572
_d29572